| 000 | 00989nam a22002177a 4500 | ||
|---|---|---|---|
| 005 | 20171128161950.0 | ||
| 010 | _aUR-9841 | ||
| 020 | 6 | _c140.00 | |
| 035 | _aU-8396 | ||
| 037 | _bDBAD/PUB | ||
| 082 | _a270.320 | ||
| 100 | _aمحمد ر ضی ا لا سلا م ند و ی | ||
| 245 |
_a ا کیسو ی صد ی کے سماجی مسا یل ا و ر ا سلا م _cمحمد ر ضی ا لا سلا م ند و ی |
||
| 246 |
_b _aEkkiswin Sadi Ke Samaji Masael Aur Islam |
||
| 250 | _aby Dr. Mohd. Raziul Islam Nadvi | ||
| 260 |
_a نئی د لی _bMerkazi Maktaba Islami Publishers _c2014 |
||
| 270 |
_aD307,Dawat Nagar,Abul Fazal Enclave,Jamia Nagar , _b New Delhi _e110025 _k01126971652 _l- |
||
| 300 |
_a256ص _c22 Cm.(B.b) |
||
| 500 | _aدو حصہ | ||
| 942 |
_2ddc _cUR _h270.320 _mم ح م _e |
||
| 999 |
_c146863 _d146863 |
||